Vybrané časti stavebno-technologickej prípravy stavieb
Saved in:
| Main Author: | |
|---|---|
| Other Authors: | |
| Format: | Manuscript Book |
| Language: | Slovak |
| Published: |
2019
|
| Subjects: | |
| Online Access: | http://is.stuba.sk/zp/portal_zp.pl?podrobnosti=145199 https://opac.crzp.sk/?fn=detailBiblioForm&sid=9F8942B94996237AA2F819F666DC |
| Tags: |
No Tags, Be the first to tag this record!
|
MARC
| LEADER | 00000ntm a22000003a 4500 | ||
|---|---|---|---|
| 001 | stuzp73480 | ||
| 003 | SK-STU | ||
| 005 | 20230609133518.8 | ||
| 007 | ta | ||
| 008 | 150427s2015----xo-----f-mn---000-0-slo-d | ||
| 040 | |a STU |b slo | ||
| 041 | 0 | |a slo | |
| 100 | 1 | |a Štrba, Juraj |u 010270 |k Z4 |4 aut |U SvF Stavebná fakulta |T SvF Katedra technológie stavieb |X 63416 |U V270 |Y 28 |7 63416 | |
| 242 | 0 | 1 | |a Hall in the Operation Area - Trstená |y eng |
| 245 | 1 | 0 | |a Vybrané časti stavebno-technologickej prípravy stavieb |
| 260 | |c 2019 | ||
| 650 | 4 | |a prevádzkový areál |2 slo | |
| 650 | 4 | |a výrobná hala |2 slo | |
| 650 | 4 | |a montáž |2 slo | |
| 650 | 4 | |a zastrešenie haly |2 slo | |
| 650 | 4 | |a operating area |2 eng | |
| 650 | 4 | |a production hall |2 eng | |
| 650 | 4 | |a assembly |2 eng | |
| 650 | 4 | |a hall roofing |2 eng | |
| 700 | 1 | |a Antošová, Naďa |u 010270 |k Z1 |4 ths |U SvF Stavebná fakulta |T SvF Katedra technológie stavieb |X 3720 |U V270 |Y 28 |7 A000003720 | |
| 856 | 4 | |u http://is.stuba.sk/zp/portal_zp.pl?podrobnosti=145199 | |
| 856 | 4 | |u https://opac.crzp.sk/?fn=detailBiblioForm&sid=9F8942B94996237AA2F819F666DC | |